<?xml version="1.0" encoding="UTF-8"?>
<collection xmlns="http://www.loc.gov/MARC21/slim">
 <record>
  <leader>     na                 </leader>
  <controlfield tag="001">INLIS000000000009281</controlfield>
  <controlfield tag="005">20211112030612</controlfield>
  <datafield tag="035" ind1=" " ind2=" ">
   <subfield code="a">0010-0721004540</subfield>
  </datafield>
  <controlfield tag="008">211112                g          0      </controlfield>
  <datafield tag="245" ind1="1" ind2=" ">
   <subfield code="a">Scaffolding :</subfield>
   <subfield code="b">English For Junior High School Student</subfield>
  </datafield>
  <datafield tag="100" ind1="1" ind2=" ">
   <subfield code="a">Priyana, Joko</subfield>
  </datafield>
  <datafield tag="260" ind1=" " ind2=" ">
   <subfield code="a">Jakarta :</subfield>
   <subfield code="b">Departemen Pendidikan Nasional,</subfield>
   <subfield code="c">2008</subfield>
  </datafield>
  <datafield tag="300" ind1=" " ind2=" ">
   <subfield code="a">180 hlm. ;</subfield>
   <subfield code="c">29 cm.</subfield>
  </datafield>
  <datafield tag="020" ind1=" " ind2=" ">
   <subfield code="a">979-462-929-6</subfield>
  </datafield>
  <datafield tag="084" ind1=" " ind2=" ">
   <subfield code="a">420.07 PRI s</subfield>
  </datafield>
  <datafield tag="520" ind1=" " ind2=" ">
   <subfield code="a">Scanfolding English for Junior High School Students Scaffolding: English for Junior High School Students Grade VII disusun dengan acuan Standar Isi mata pelajaran bahasa Irlggris 2006. Materi dan tugas pembelajaran dikembangkan dengan prinsip-prinsip Pendekatan Komunikatif untuk mengembangkan kompetensi siswa dalam keempat keterampilan berbahasa, yaitu menyimak, berbicara, membaca, dan menulis yang diorganisasikan ke dalam dua siklus pembelajaran,yaitu siklus lisan dan siklus tulis. Sementara siklus lisan menekankan pengembangan keterampilan berbahasa lisan (menyimak dan berbicara), siklus tulis mengembangkan keterampilan dalam berbahasa tulis (membaca dan menulis). Sesuai dengan prinsip keterpaduan dalarn pembelajaran bahasa, kedua siklus tersebut mengembangkan keempat keterampilan berbahasa secara terintegrasi. Baik siklus lisan maupun siklus tulis tersusun atas empat macam kegiatan pembelajaran, yaitu pembuka, pajanan terhadap bahasa Inggris, penjelasan mengenai unsur-unsur kebahasaan, dan latihan berkomunikasi dalam bahasa Inggris secara terbimbing maupun bebas. Untuk pengayaan dan evaluasi, setiap unit dilengkapi dengan tugas terstruktur berupa pekerjaan rumah dan evaluasi,Joko Priyana, Ph.D., memperoleh gelar sarjana Pendidikan Bahasa Inggris dari IKIP Negeri Yogyakarta tahun 1989, MA dalam bidang TESOL dari Canberra iversity, Australia tahun 1995, dan PhD, dalam bidang Applied Linguistics dari Macquarie University - Sydney tahun 2003. Sejak tahun 1990 penulis adalah dosen pada program studi Pendidikan Bahasa Inggris di FBS UNY.Riandi, saat ini sedang menyelesaikan studi S1 pada program studi Pendidikan Bahas Inggris di Universitas Negeri Yogyakarta.Anita P. Mumpuni, saat ini sedang menyelesaikan studi S1 pada program studi Pendidikan Bahasa Inggris di Universitas Negeri Yagyakarta.</subfield>
  </datafield>
  <datafield tag="082" ind1=" " ind2=" ">
   <subfield code="a">420.07</subfield>
  </datafield>
  <datafield tag="650" ind1=" " ind2="4">
   <subfield code="a">Bahasa Inggris</subfield>
  </datafield>
  <datafield tag="650" ind1=" " ind2="4">
   <subfield code="a">Buku Pelajaran</subfield>
  </datafield>
  <datafield tag="700" ind1="0" ind2=" ">
   <subfield code="a">Suharsono</subfield>
  </datafield>
  <datafield tag="990" ind1=" " ind2=" ">
   <subfield code="a">048997</subfield>
  </datafield>
  <datafield tag="990" ind1=" " ind2=" ">
   <subfield code="a">048996</subfield>
  </datafield>
  <datafield tag="990" ind1=" " ind2=" ">
   <subfield code="a">048998</subfield>
  </datafield>
  <datafield tag="990" ind1=" " ind2=" ">
   <subfield code="a">048999</subfield>
  </datafield>
  <datafield tag="990" ind1=" " ind2=" ">
   <subfield code="a">049000</subfield>
  </datafield>
  <datafield tag="990" ind1=" " ind2=" ">
   <subfield code="a">049201</subfield>
  </datafield>
  <datafield tag="990" ind1=" " ind2=" ">
   <subfield code="a">049202</subfield>
  </datafield>
  <datafield tag="990" ind1=" " ind2=" ">
   <subfield code="a">049203</subfield>
  </datafield>
  <datafield tag="990" ind1=" " ind2=" ">
   <subfield code="a">049204</subfield>
  </datafield>
  <datafield tag="990" ind1=" " ind2=" ">
   <subfield code="a">049205</subfield>
  </datafield>
 </record>
</collection>
